| 000 | 00687nam a2200169 i 4500 | ||
|---|---|---|---|
| 001 | 40883 | ||
| 003 | ES-MaACL | ||
| 005 | 20230906160330.0 | ||
| 007 | t| | ||
| 008 | 030307s1951 sp ||||1| spa d | ||
| 100 | 1 |
_aCaro de Mallen, Ana. _935407 |
|
| 245 | 1 | 0 |
_aContexto de las reales fiestas que se hicieron en el Palacio del Buen Retiro a la coronación del rey...de romanos y entrada en Madrid de la Señora Princesa de Cariñan en tres discursos / _cpor Ana Caro de Mallén. |
| 260 |
_a[s.l. : _bs.n., _c1951] ( _fTip. Moderna) |
||
| 300 |
_a39 fol. ; _c25 cm. |
||
| 500 | _aReproducción facsímil de: Madrid, Imprenta del Reyno, Año 1637. | ||
| 852 |
_aES-MaACL _jC-13681 _bR.36971 |
||
| 999 |
_c40883 _d40883 |
||